000 00646nam a22001937a 4500
999 _c371896
_d371896
008 201127b ||||| |||| 00| 0 eng d
040 _aDE-2950
_bger
_cDE-2950
_erda
041 _ager
245 _aSparkasse Oder-Spree feiert 200. Geburtstag mit Jubiläumskonzert.
_cFoto: Winfried Mausolf
264 _c2022
653 _aFrankfurt (Oder)
653 _aSparkasse
655 _y200 Jahre
773 _dFrankfurt (Oder) Märkisches Verlags- und Druckhaus GmbH & Co KG
_tMärkische Oderzeitung
_g33. Jahrgang (2022) Nr. 229 vom 30.09.2022, S. 13; Foto
942 _cA